Srovnání modelů s alternativní vysvětlovanou proměnnou
Modely s logitovou transformáciou (tzv. logistická regresia). Logit, probit, log-log, clog-log modely pre binárnu vysvetľovanú premennú.
Guardado en:
| Autor principal: | |
|---|---|
| Formato: | Capítulo de libro |
| Lenguaje: | checo |
| Materias: | |
| Etiquetas: |
Sin Etiquetas, Sea el primero en etiquetar este registro!
|
MARC
| LEADER | 00000naa$a2200000$$$4500 | ||
|---|---|---|---|
| 001 | 0090496 | ||
| 005 | 20220517133341.9 | ||
| 041 | 0 | |a cze | |
| 044 | |a SK | ||
| 245 | 1 | 0 | |a Srovnání modelů s alternativní vysvětlovanou proměnnou |c Iva Pecáková |
| 520 | |a Modely s logitovou transformáciou (tzv. logistická regresia). Logit, probit, log-log, clog-log modely pre binárnu vysvetľovanú premennú. | ||
| 610 | 2 | 0 | |a modely lineárne |
| 610 | 2 | 0 | |a modely regresné |
| 610 | 2 | 0 | |a modely štatistické |
| 610 | 2 | 0 | |a modely |
| 610 | 2 | 0 | |a matice |
| 610 | 2 | 0 | |a metódy štatistické |
| 610 | 2 | 0 | |a štatistika |
| 100 | 1 | |a Pecáková, Iva | |